000 00826nam a22002177a 4500
008 240227t2021 ck gr 001 p spa d
020 _a9789585347830
037 _3Donación
040 _aCO-JMCR
_cCO-JMCR
_dCO-JMCR
_erda
041 0 _aspa
082 0 4 _aA-P
_bGOMo
100 1 _943384
_aGómez Nieto, Jaime,
_eautor
245 1 3 _aEn otra parte del mundo /
_cJaime Gómez Nieto
264 _aCali :
_bRosa Blindada Ediciones ,
_c©2021
300 _a82 páginas ;
_c21 cm.
500 _aIncluye datos biográficos del autor
505 0 _aEleazar Plaza-La poesía de Jaime Gómez Nieto... pág. 11 -- Más allá del silencio-Cosas sin nombre... pág. 25 -- Lo aparente es real...pág. 26
650 1 4 _ySiglo XX
_98739
650 2 4 _ySiglo XX
_940443
999 _c30693
_d17077